Nalaganje...
Perspectives in Indian politics and administration
| Glavni avtor: | |
|---|---|
| Format: | Printed Book |
| Jezik: | English |
| Izdano: |
New Delhi
Uppal Publishing House
1981
|
| Teme: |
| LEADER | 00549nam a22001577a 4500 | ||
|---|---|---|---|
| 005 | 20151215125124.0 | ||
| 008 | 091029t xxu||||| |||| 00| 0 eng d | ||
| 082 | |a 320.454 |b SIN | ||
| 100 | |a Singh, Sakendra Prasad |9 6149 | ||
| 245 | |a Perspectives in Indian politics and administration | ||
| 300 | |a 151p | ||
| 653 | |a Politics |a Administration | ||
| 942 | |c BK |6 _ | ||
| 260 | |c 1981 |a New Delhi |b Uppal Publishing House | ||
| 999 | |c 97626 |d 97626 | ||
| 952 | |0 0 |1 0 |2 ddc |4 0 |6 320454_SIN |7 0 |9 123020 |a SMS |b SMS |c GEN |d 2009-10-29 |o 320.454 SIN |p SMS015110 |r 2009-10-29 |w 2009-10-29 |y BK | ||